| 000 | nam a22 a 4500 | ||
|---|---|---|---|
| 999 |
_c4294 _d4294 |
||
| 005 | 20170526155244.0 | ||
| 008 | 170526s1998 my ||||| |||| 00| 0 eng d | ||
| 082 | _2343.59505244 LEV | ||
| 090 |
_a343.59505244 _bLEV |
||
| 245 |
_aAkta Levi Keuntungan Luar Biasa 1998 (Akta 592) _bWindfall Profit Levy Act 1998 (Akta 592) |
||
| 260 |
_aKuala Lumpur _bPercetakan Nasional Malaysia Berhad _c1998 |
||
| 300 |
_a31p _c24cm |
||
| 650 |
_aAkta _98368 |
||
| 942 |
_2ddc _cBOOK |
||